Modern engine technology (Record no. 32400)
[ view plain ]
| 000 -LEADER | |
|---|---|
| fixed length control field | 01325cam a2200337 a 4500 |
| 001 - CONTROL NUMBER | |
| control field | 14658383 |
| 003 - CONTROL NUMBER IDENTIFIER | |
| control field | OSt |
| 005 - DATE AND TIME OF LATEST TRANSACTION | |
| control field | 20211111115803.0 |
| 008 - FIXED-LENGTH DATA ELEMENTS--GENERAL INFORMATION | |
| fixed length control field | 061206s2007 paua bde 000 0 eng |
| 010 ## - LIBRARY OF CONGRESS CONTROL NUMBER | |
| LC control number | 2006100615 |
| 020 ## - INTERNATIONAL STANDARD BOOK NUMBER | |
| International Standard Book Number | 9780768017052 |
| 035 ## - SYSTEM CONTROL NUMBER | |
| System control number | (OCoLC)ocm76967206 |
| 038 ## - RECORD CONTENT LICENSOR | |
| Staff Name | khadija |
| 040 ## - CATALOGING SOURCE | |
| Original cataloging agency | DLC |
| Transcribing agency | DLC |
| Modifying agency | YDX |
| -- | BTCTA |
| -- | YDXCP |
| -- | OCLCG |
| -- | BAKER |
| -- | OCLCG |
| -- | DLC |
| 041 1# - LANGUAGE CODE | |
| Language code of text/sound track or separate title | eng |
| Language code of original | ger |
| 050 00 - LIBRARY OF CONGRESS CALL NUMBER | |
| Classification number | TJ785 |
| Item number | .L4913 2007 |
| 082 00 - DEWEY DECIMAL CLASSIFICATION NUMBER | |
| Classification number | 629.25 |
| Edition number | 22 |
| Author Mark | MOD |
| 130 0# - MAIN ENTRY--UNIFORM TITLE | |
| Uniform title | Lexikon Motorentechnik |
| Language of a work | English. |
| 9 (RLIN) | 81406 |
| 245 10 - TITLE STATEMENT | |
| Title | Modern engine technology |
| Remainder of title | from A to Z / |
| Statement of responsibility, etc. | [edited by] Richard van Basshuysen and Fred Schäfer, editors. |
| 260 ## - PUBLICATION, DISTRIBUTION, ETC. | |
| Place of publication, distribution, etc. | Warrendale, Pa. : |
| Name of publisher, distributor, etc. | SAE International, |
| Date of publication, distribution, etc. | c2007. |
| 300 ## - PHYSICAL DESCRIPTION | |
| Extent | xix, 1047 p. : |
| Other physical details | ill. (some col.) ; |
| Dimensions | 24 cm. |
| 504 ## - BIBLIOGRAPHY, ETC. NOTE | |
| Bibliography, etc. note | Includes bibliographical references. |
| 563 ## - BINDING INFORMATION | |
| Binding note | hard cover |
| 650 #0 - SUBJECT ADDED ENTRY--TOPICAL TERM | |
| Topical term or geographic name entry element | Internal combustion engines |
| Form subdivision | Dictionaries. |
| 9 (RLIN) | 81407 |
| 650 #0 - SUBJECT ADDED ENTRY--TOPICAL TERM | |
| Topical term or geographic name entry element | Internal combustion engines |
| Form subdivision | Encyclopedias. |
| 9 (RLIN) | 81408 |
| 700 1# - ADDED ENTRY--PERSONAL NAME | |
| Personal name | Van Basshuysen, Richard, |
| Dates associated with a name | 1932- |
| 9 (RLIN) | 81409 |
| 700 1# - ADDED ENTRY--PERSONAL NAME | |
| Personal name | Schäfer, Fred, |
| Dates associated with a name | 1948- |
| 9 (RLIN) | 81410 |
| 906 ## - LOCAL DATA ELEMENT F, LDF (RLIN) | |
| a | 7 |
| b | cbc |
| c | orignew |
| d | 1 |
| e | ecip |
| f | 20 |
| g | y-gencatlg |
| 942 ## - ADDED ENTRY ELEMENTS (KOHA) | |
| Source of classification or shelving scheme | |
| Koha item type | Book |
| Withdrawn status | Lost status | Source of classification or shelving scheme | Damaged status | Not for loan | Permanent Location | Current Location | Shelving location | Date acquired | Full call number | Barcode | Date last seen | Price effective from | Koha item type | Public note |
|---|---|---|---|---|---|---|---|---|---|---|---|---|---|---|
| School of Mechanical & Manufacturing Engineering (SMME) | School of Mechanical & Manufacturing Engineering (SMME) | Reference | 09/15/2015 | 629.25 MOD | SMME-1143 | 03/28/2018 | 09/15/2015 | Book | Rack,11-Shelf,4 | |||||
| School of Mechanical & Manufacturing Engineering (SMME) | School of Mechanical & Manufacturing Engineering (SMME) | General Stacks | 01/18/2016 | 629.25 MOD | SMME-1994 | 01/18/2016 | 01/18/2016 | Book |
